Szczegóły MARC21

Essays ; Gedichte /

003 -Nazwa inst., której nr kontr. jest w polu 001 [,]
    • @
    • Nazwa instytucji, której n kontrolny jest w polu 001
    • NUKAT
005 -DATA I CZAS OSTATNIEJ MODYFIKACJI [,]
    • @
    • pole kontrolne
    • 20241231103233.0
020 -Międzynarod. znormalizowany nr książki - ISBN [ , ]
    • z
    • Błędny ISBN (P)
    • 3257228501 Find
040 -Instytucja sporządzająca opis [ , ]
    • a
    • Instytucja, która sporządziła opis (NP)
    • KR 119/IK
    • c
    • Instytucja, która sporządziła rekord (NP)
    • KR 119/IKs
942 -Rodzaj dokumentu [ , ]
    • c
    • Rodzaj dokumentu
    • Książka
100 -Hasło główne - nazwa osobowa [1, ]
    • a
    • Nazwa osobowa (NP)
    • Dürrenmatt, Friedrich
    • d
    • Daty biograficzne (NP)
    • (1921-1990).
    • 9
    • KHW
    • 8592
245 -Strefa tytułu i oznaczenia odpowiedzialności [1,0]
    • a
    • Tytuł
    • Essays ; Find
    • b
    • Ciąg dalszy tytułu (NP)
    • Gedichte / Find
    • c
    • Pozostałe elementy strefy tytułu i oznaczenia odpowiedzialności (NP)
    • Friedrich Dürrenmatt.
260 -Strefa adresu wydawniczego [ , ]
    • a
    • Miejsce wydania (P)
    • Zürich :
    • b
    • Nazwa wydawcy (P)
    • Diogenes Verlag,
    • c
    • Data wydania (P)
    • cop. 1996.
300 -Strefa opisu fizycznego [ , ]
    • a
    • Określenie formy książki i/lub objętość (NP)
    • 1009, [4] s. ;
    • c
    • Format (NP)
    • 18 cm.
336 -Typ zawartości [ , ]
    • a
    • Termin opisujący typ zawartości
    • Tekst
    • b
    • Kod określający zawartość
    • txt
    • 2
    • Źródło (terminu i kodu)
    • rdacontent
337 -Typ mediów [ , ]
    • a
    • Tryb odtwarzania
    • Bez urządzenia pośredniczącego
    • b
    • Kod typu mediów
    • n
    • 2
    • Źródło (terminu i kodu)
    • rdamedia
338 -Typ/rodzaj nośnika [ , ]
    • a
    • Hasło opisujące typ nośnika
    • Wolumin
    • b
    • Kod typu nośnika
    • nc
    • 2
    • Źródło (terminu i kodu)
    • rdacarrier
490 -Strefa serii i książki wielotomowej - forma nie do wyszukiwania [1, ]
    • a
    • Tytuł (P)
    • Gesammelte Werke in sieben Bänden / Friedrich Dürrenmatt ; Find
    • v
    • Numeracja (P)
    • Bd. 7
490 -Strefa serii i książki wielotomowej - forma nie do wyszukiwania [1, ]
    • a
    • Tytuł (P)
    • Diogenes Taschenbuch ; Find
    • v
    • Numeracja (P)
    • 22850
830 -Hasło dodatkowe serii i opisu książki wielotomowej - tytuł ujednolicony/tytuł [ ,0]
    • a
    • Tytuł ujednolicony/tytuł (NP)
    • Diogenes Taschenbuch
    • v
    • Oznaczenie tomu (NP)
    • 22850
    • 9
    • KHW
    • 1446
080 -Uniwersalna Klasyfikacja Dziesiętna [ , ]
    • a
    • Symbol klasyfikacji
    • 830(494)-1/-9(081)=30
655 -Hasło w funkcji tematu formalnego [ ,7]
    • a
    • Hasło
    • Eseje szwajcarskie w języku niemieckim
    • y
    • Określnik chronologiczny
    • 1945-.
    • 2
    • Źródło terminu
    • kaba
    • 9
    • KHW
    • 481175
655 -Hasło w funkcji tematu formalnego [ ,7]
    • a
    • Hasło
    • Poezja szwajcarska w języku niemieckim
    • y
    • Określnik chronologiczny
    • 1945-.
    • 2
    • Źródło terminu
    • kaba
    • 9
    • KHW
    • 481176
980 -Symbol UKD [ , ]
    • a
    • UKD
    • 830(494)-1/-9(081)=30
700 -Hasło dodatkowe - nazwa osobowa [1,2]
    • a
    • Nazwa osobowa (NP)
    • Dürrenmatt, Friedrich Find
    • d
    • Daty biograficzne (NP)
    • (1921-1990).
    • t
    • Tytuł ujednolicony/tytuł (NP)
    • Gedichte Find
    • 9
    • KHW
    • 481127
800 -Hasło dodatkowe opisu książki wielotomowej - nazwa osobowa [1, ]
    • a
    • Nazwa osobowa (NP)
    • Dürrenmatt, Friedrich
    • d
    • Daty biograficzne (NP)
    • (1921-1990).
    • t
    • Tytuł ujednolicony/tytuł (NP)
    • Gesammelte Werke in sieben Bänden
    • v
    • Oznaczenie tomu (NP)
    • Bd. 7
    • 9
    • KHW
    • 481088
920 -ISBN [ , ]
    • z
    • Błędny ISBN
    • 3-257-22850-1 Find
Numer inwentarzowy Status udost. Data inwentaryzacji Lokalizacja Sygnatura
G.12790-31997-11-12BMGerm. Literatura szwajcarska